Bilecik Bilecik Bilecik Bilecik Bilecik

Osmanlı devri Erzincan vakfiyyeleri/ (Record no. 61643)

MARC details
000 -BAŞLIK
Sabit Uzunluktaki Kontrol Alanı 01526nam a22004097a 4500
001 - KONTROL NUMARASI
Control Dosyası 0061846
003 - KONTROL NUMARASI KİMLİĞİ
Kontrol Alanı KOHA_MİRAKIL
005 - EN SON İŞLEM TARİHİ ve ZAMANI
Kontrol Alanı 20260207004353.0
007 - FİZİKSEL TANIM SABİT ALAN - GENEL BİLGİ
Sabit uzunluklu kontrol alanı ta
008 - SABİT UZUNLUKTAKİ VERİ ÖGELERİ - GENEL BİLGİ
Sabit Alan 180206b2017 tu |||gr||||#||||0|tur |
020 ## - ISBN - ULUSLARARASI STANDART KİTAP NUMARASI
Isbn 9786056788420
040 ## - KATALOGLAMA KAYNAĞI
Özgün Kataloglama Kurumu TR-BiSEU
Kataloglama Dili tur
Çeviri Kurumu TR-BiSEU
Açıklama Kuralları rda
041 0# - DİL KODU
Metin ya da ses kaydının dil kodu tur
044 ## - YAYINLAYAN/ÜRETEN KURULUŞUN ÜLKE KODU
ISO country code tu
050 ## - SINIFLAMA ve YER NUMARASI
Sınıflama Numarası BP170.25
Yer Numarası .O86 2017
245 0# - ESER ADI BİLDİRİMİ
Başlık Osmanlı devri Erzincan vakfiyyeleri/
Sorumluluk Bildirimi hazırlayan Erol Kaya.
264 #1 - ÜRERİM, YAYIN, DAĞITIM ve TELİF BİLDİRİMİ
Yayın yeri Erzincan :
Yayınlayan Erzincan Üniversitesi
Yayın tarihi 2017
300 ## - FİZİKSEL TANIMLAMA
Sayfa, Cilt vb. 367 sayfa; 25 cm.
336 ## - İÇERİK TÜRÜ
Content type term metin
Content type code txt
Source rdacontent
337 ## - MEDYA TÜRÜ
Media type term aracısız
Media type code n
Source rdamedia
338 ## - TAŞIYICI TÜRÜ
Carrier type term cilt
Carrier type code nc
Source rdacarrier
490 1# - DİZİ BİLDİRİMİ
Dizi Bildirimi Erzincan Üniversitesi Yayınları No ;
Cilt Numarası 004.
490 1# - DİZİ BİLDİRİMİ
Dizi Bildirimi Eğitim Fakültesi Yayınları No ;
Cilt Numarası 002.
490 1# - DİZİ BİLDİRİMİ
Dizi Bildirimi Araştırma Yayınları No ;
Cilt Numarası 004.
500 ## - GENEL NOT
Genel Not Dizin var.
500 ## - GENEL NOT
Genel Not Kaynakça var.
650 #0 - KONU BAŞLIĞI EK GİRİŞ - KONU TERİMİ
Konusal terim veya coğrafi ad Waqf--Turkey--Erzincan.
9 (RLIN) 114798
650 #0 - KONU BAŞLIĞI EK GİRİŞ - KONU TERİMİ
Konusal terim veya coğrafi ad Vakıf--Türkiye--Erzincan.
9 (RLIN) 114799
650 #0 - KONU BAŞLIĞI EK GİRİŞ - KONU TERİMİ
Konusal terim veya coğrafi ad Waqf--Turkey--History--Ottoman Empire, 1288-1918.
9 (RLIN) 114800
650 #0 - KONU BAŞLIĞI EK GİRİŞ - KONU TERİMİ
Konusal terim veya coğrafi ad Vakıf--Türkiye--Tarihi--Osmanlı İmparatorluğu, 1288-1918.
9 (RLIN) 114801
650 #0 - KONU BAŞLIĞI EK GİRİŞ - KONU TERİMİ
Konusal terim veya coğrafi ad Charitable uses, trusts, and foundations (Islamic law)--Turkey--History.
9 (RLIN) 114802
650 #0 - KONU BAŞLIĞI EK GİRİŞ - KONU TERİMİ
Konusal terim veya coğrafi ad Hayır işleri ve vakıflar (İslam hukuku)--Türkiye--Tarihi.
9 (RLIN) 114803
830 1# - SERİ EK GİRİŞİ - TEKBİÇİM ESER ADI
Tekbiçim Başlık Erzincan Üniversitesi Yayınları No ;
Volume number/sequential designation 004.
9 (RLIN) 114804
830 1# - SERİ EK GİRİŞİ - TEKBİÇİM ESER ADI
Tekbiçim Başlık Eğitim Fakültesi Yayınları No ;
Volume number/sequential designation 002.
9 (RLIN) 35133
830 1# - SERİ EK GİRİŞİ - TEKBİÇİM ESER ADI
Tekbiçim Başlık Araştırma Yayınları No ;
Volume number/sequential designation 004.
9 (RLIN) 114805
942 ## - EK GİRİŞ ÖGELERİ (KOHA)
Source of classification or shelving scheme Library of Congress Classification
Koha item type Book
Holdings
Materyal Türü Kalıcı Konum Mevcut Konum Raf Yeri Sınıflandırma Kaynağı Edinim Bilgisi Ana Konular Alt Konular Yer Numarası Demirbaş Numarası Fatura Tarihi Geri Çekilme Durumu Kayıp Durumu Hasarlı Durumu Kredi için değil Kayıt Tarih Toplam Ödünçverme Son Görülme Tarihi Son Kontrol Tarihi Genel / Bağış Notu
Book Prof. Dr. Azmi Özcan Kütüphanesi Prof. Dr. Azmi Özcan Kütüphanesi Uluğbey Salonu Library of Congress Classification Bağış FELSEFE, PSİKOLOJİ, DİN İslam, Bahailik, Teozofi vb. BP170.25 .O86 2017 0061846 02/02/2026         06/02/2018   05/12/2024 05/12/2024 Genel Bağış